<?xml version="1.0" encoding="UTF-8" ?>
<collection xmlns="http://www.loc.gov/MARC21/slim"><record><leader>01679nam a2200397   4500</leader><controlfield tag="001">231062</controlfield><controlfield tag="003">CH-000273-5</controlfield><controlfield tag="005">20250717100325.0</controlfield><datafield tag="020" ind1=" " ind2=" "><subfield code="a">978-3-8296-1044-5</subfield><subfield code="q">Museumsausgabe, broschiert</subfield></datafield><datafield tag="020" ind1=" " ind2=" "><subfield code="a">978-3-8296-1042-1</subfield><subfield code="q">Buchhandelsausgabe, festgebunden</subfield></datafield><datafield tag="040" ind1=" " ind2=" "><subfield code="a">CH-000273-5</subfield><subfield code="b">ger</subfield><subfield code="e">rda</subfield></datafield><datafield tag="041" ind1="0" ind2=" "><subfield code="a">ger</subfield></datafield><datafield tag="041" ind1="0" ind2=" "><subfield code="a">eng</subfield></datafield><datafield tag="245" ind1="0" ind2="0"><subfield code="a">Fünf Freunde</subfield><subfield code="b">John Cage, Merce Cunningham, Jasper Johns, Robert Rauschenberg, Cy Twombly</subfield><subfield code="c">herausgegeben von Yilmaz Dziewior, Achim Hochdörfer mit Arthur Fink</subfield></datafield><datafield tag="264" ind1=" " ind2="1"><subfield code="a">München</subfield><subfield code="b">Schirmer Mosel</subfield><subfield code="c">[2025]</subfield></datafield><datafield tag="300" ind1=" " ind2=" "><subfield code="a">329 Seiten</subfield><subfield code="b">Illustrationen</subfield><subfield code="c">29 cm</subfield></datafield><datafield tag="336" ind1=" " ind2=" "><subfield code="a">Text</subfield><subfield code="b">txt</subfield><subfield code="2">rdacontent</subfield></datafield><datafield tag="336" ind1=" " ind2=" "><subfield code="a">unbewegtes Bild</subfield><subfield code="b">sti</subfield><subfield code="2">rdacontent</subfield></datafield><datafield tag="337" ind1=" " ind2=" "><subfield code="a">ohne Hilfsmittel zu benutzen</subfield><subfield code="b">n</subfield><subfield code="2">rdamedia</subfield></datafield><datafield tag="338" ind1=" " ind2=" "><subfield code="a">Band</subfield><subfield code="b">nc</subfield><subfield code="2">rdacarrier</subfield></datafield><datafield tag="546" ind1=" " ind2=" "><subfield code="a">Texte überwiegend deutsch, teils englisch</subfield></datafield><datafield tag="600" ind1="1" ind2="7"><subfield code="a">Cage, John</subfield><subfield code="d">1912-1992</subfield><subfield code="2">gnd</subfield></datafield><datafield tag="600" ind1="1" ind2="7"><subfield code="a">Cunningham, Merce</subfield><subfield code="d">1919-2009</subfield><subfield code="2">gnd</subfield></datafield><datafield tag="600" ind1="1" ind2="7"><subfield code="a">Johns, Jasper</subfield><subfield code="d">1930-</subfield><subfield code="2">gnd</subfield></datafield><datafield tag="600" ind1="1" ind2="7"><subfield code="a">Rauschenberg, Robert</subfield><subfield code="d">1925-2008</subfield><subfield code="2">gnd</subfield></datafield><datafield tag="600" ind1="1" ind2="7"><subfield code="a">Twombly, Cy</subfield><subfield code="d">1928-2011</subfield><subfield code="2">gnd</subfield></datafield><datafield tag="650" ind1=" " ind2="7"><subfield code="a">Kunst</subfield><subfield code="x">Musik</subfield><subfield code="x">Freundschaft</subfield><subfield code="g">Motiv</subfield><subfield code="y">Geschichte 1938-1977</subfield><subfield code="2">gnd</subfield></datafield><datafield tag="655" ind1=" " ind2="7"><subfield code="a">Ausstellungskatalog</subfield><subfield code="x">Museum Brandhorst</subfield><subfield code="y">10.04.2025-17.08.2025</subfield><subfield code="z">München</subfield><subfield code="2">gnd-content</subfield></datafield><datafield tag="655" ind1=" " ind2="7"><subfield code="a">Ausstellungskatalog</subfield><subfield code="x">Museum Ludwig</subfield><subfield code="y">03.10.2025-11.01.2026</subfield><subfield code="z">Köln</subfield><subfield code="2">gnd-content</subfield></datafield><datafield tag="655" ind1=" " ind2="7"><subfield code="a">Bildband</subfield><subfield code="2">gnd-content</subfield></datafield><datafield tag="700" ind1="1" ind2=" "><subfield code="a">Dziewior, Yilmaz</subfield><subfield code="d">1964-</subfield><subfield code="e">Herausgeber</subfield><subfield code="4">edt</subfield></datafield><datafield tag="700" ind1="1" ind2=" "><subfield code="a">Hochdörfer, Achim</subfield><subfield code="d">1968-</subfield><subfield code="e">Herausgeber</subfield><subfield code="4">edt</subfield></datafield><datafield tag="700" ind1="1" ind2=" "><subfield code="a">Fink, Arthur</subfield><subfield code="d">1991-</subfield><subfield code="e">Herausgeber</subfield><subfield code="4">edt</subfield></datafield><datafield tag="710" ind1="2" ind2=" "><subfield code="a">Museum Brandhorst</subfield><subfield code="e">Veranstalter</subfield><subfield code="4">orm</subfield></datafield><datafield tag="710" ind1="2" ind2=" "><subfield code="a">Museum Ludwig</subfield><subfield code="e">Veranstalter</subfield><subfield code="4">orm</subfield></datafield><datafield tag="852" ind1="4" ind2=" "><subfield code="a">CH-000273-5</subfield><subfield code="c">D 2025/0157</subfield></datafield></record></collection>